000
00280nam a22001097a 4500
082
_a
621.165 KEA'S
100
_a
KEARTON, W. J
_9
74462
245
_a
STEAM TURBINE THEORY AND PRACTICE A TEXT FOR ENGINEERING STUDIES
260
_a
LONDON
_b
ELBS
_c
1962
300
_a
861P
942
_c
BK
999
_c
585449
_d
585449